Statistiques concernant Noms des arrondissements et des quartiers de Paris

Cliquez ici pour prendre le quiz!

Statistiques générales

  • Ce quiz a été pris 379 fois
  • Le résultat moyen est 22 sur 100

Statistiques - réponses

Answer % Correct
"du Louvre"
60%
Montparnasse
55%
Champs-Élysées
50%
"de l'Opéra"
47%
Gare
45%
Belleville
43%
Notre-Dame
43%
Bercy
43%
"de Passy"
43%
Invalides
43%
"des Buttes-Chaumont"
43%
"du Panthéon"
39%
"de la Bourse"
39%
"de Ménilmontant"
38%
Auteuil
38%
"de l'Hôtel-de-Ville"
38%
Père-Lachaise
37%
"du Luxembourg"
34%
Halles
34%
"de Vaugirard"
34%
Batignolles
34%
Sorbonne
34%
Saint-Germain-des-Prés
32%
"du Temple"
31%
Madeleine
30%
Clignancourt
29%
Grenelle
28%
Odéon
28%
Ternes
27%
Picpus
27%
"de l'Elysée"
27%
"des Gobelins"
24%
Palais-Royal
24%
"de la Butte-Montmartre"
23%
Goutte-d'Or
23%
Javel
23%
Charonne
23%
"de Reuilly"
22%
Villette
21%
Bel-Air
21%
Rochechouart
21%
École-Militaire
20%
Europe
20%
Jardin-des-Plantes
18%
Chapelle
18%
"de l'Observatoire"
18%
Plaisance
17%
Petit-Montrouge
17%
"du Palais-Bourbon"
17%
Épinettes
17%
Mail
16%
"de Popincourt"
16%
Chaillot
16%
Gros-Caillou
16%
Place-Vendôme
16%
Saint-Georges
16%
Arsenal
16%
Enfants-Rouges
16%
Arts-et-Métiers
16%
Saint-Fargeau
15%
Archives
15%
Bonne-Nouvelle
15%
"de l'Entrepôt"
14%
Saint-Germain-l'Auxerrois
14%
Monnaie
14%
Amérique
14%
Grandes-Carrières
13%
Porte-Dauphine
13%
Maison-Blanche
13%
Roquette
13%
Porte-Saint-Denis
13%
Val-de-Grâce
13%
Notre-Dame-des-Champs
13%
Hôpital-Saint-Louis
13%
Porte-Saint-Martin
13%
Chaussée-d'Antin
12%
Quinze-Vingts
12%
Croulebarbe
12%
Saint-Gervais
12%
Saint-Ambroise
12%
Saint-Lambert
12%
Muette
12%
Salpêtrière
11%
Saint-Victor
11%
Combat
11%
Saint-Merri
11%
Gaillon
11%
Vivienne
11%
Folie-Méricourt
11%
Saint-Vincent-de-Paul
11%
Necker
11%
Faubourg-du-Roule
10%
Faubourg-Montmartre
10%
Pont-de-Flandre
10%
Sainte-Marguerite
10%
Parc-de-Montsouris
10%
Sainte-Avoye
10%
Saint-Thomas-d'Aquin
9%
"des Batignolles-Monceaux"
9%
Plaine-de-Monceaux
8%

Distribution des résultats

Percentile by Number Answered

% des personnes avec chaque résultat

Votre développement - résultats

Vous n’avez pas pris ce quiz